000 00580ntaaa2200181 4500
003 01
005 20251027201856.0
008 0714s1973 ag 01
040 _aAR-BaBN
_bspa
_cAR-BaBN
_eaacr
_dRIC
082 _a230.1000 M58
100 _aMilburn, R. L. P.
_917220
245 _aEarly Christian interpretations of history
250 _a1 ed. :
_bAdam and Charles Black,
_c1954
300 _a221 p.
500 _a"Includes early theologians and historians such as Origen, Eusebius, Augustine, Irenaeus, Clement, and others"
650 _aTeología Histórica
_92083
942 _cBK
999 _c13429
_d13429